US Cities 1900 Quiz Stats

 Plays Quiz Updated Mar 14, 2017

Support Sporcle.
Go Orange.
Score 0/40 Timer 06:00
1 Play Today
Rank City % Correct
1New York City, New York
99.7%
5Boston, Massachusetts
93.4%
2Chicago, Illinois
93.4%
3Philadelphia, Pennsylvania
89.9%
36Los Angeles, California
89.4%
9San Francisco, California
82%
15Washington, D.C.
81.4%
13Detroit, Michigan
79.1%
11Pittsburgh,Pennsylvania
76.5%
4St. Louis, Missouri
74.2%
7Cleveland, Ohio
73.7%
6Baltimore, Maryland
72.9%
12New Orleans, Louisiana
71.2%
10Cincinnati, Ohio
68.2%
8Buffalo, New York
61.4%
21Indianapolis,Indiana
59.9%
22Kansas City, Missouri
59.8%
25Denver, Colorado
58.2%
28Columbus, Ohio
57.2%
40Albany, New York
56.8%
Rank City % Correct
19Minneapolis, Minnesota
56.5%
37Memphis, Tennessee
52.2%
20Providence, Rhode Island
48.7%
14Milwaukee, Wisconsin
46.9%
16Newark, New Jersey
46%
23St. Paul, Minnesota
42.8%
18Louisville, Kentucky
41.3%
24Rochester, New York
34.1%
30Syracuse, New York
32.4%
17Jersey City, New Jersey
28.6%
35Omaha, Nebraska
27%
26Toledo, Ohio
24.9%
31New Haven, Connecticut
24.4%
29Worcester, Massachusetts
17.9%
38Scranton, Pennsylvania
17%
39Lowell, Massachusetts
11.5%
32Paterson, New Jersey
7.7%
33Fall River, Massachusetts
5.8%
27Allegheny, Pennsylvania
4.1%
34St. Joseph, Missouri
3.5%

From the Vault

Vowel-less Fast Food Chains

by WalshyMusic

We're feeling pretty hngry.
Remove Ads.
Support Sporcle.
Get the best of Sporcle when you Go Orange. This ad-free experience offers more features, more stats, and more fun while also helping to support Sporcle. Thank you for becoming a member.

Show Comments

Extras

Top Quizzes Today


Score Distribution

Your Account Isn't Verified!

In order to create a playlist on Sporcle, you need to verify the email address you used during registration. Go to your Sporcle Settings to finish the process.

Report this User

Report this user for behavior that violates our Community Guidelines.

Details: